| 000 | 00833nam a2200217 i 4500 | ||
|---|---|---|---|
| 003 | DO-SdUEMH | ||
| 005 | 20260115160638.0 | ||
| 007 | ta | ||
| 008 | 260115s2007 dr a|||gr|||| 00| 0 spa d | ||
| 040 |
_aDO-SdUEMH _bspa _erda |
||
| 082 | 1 | 4 | _mRD |
| 100 | _ecom | ||
| 245 |
_aEncuesta Nacional de Ingreso y Gastos de los Hogares Enigh 2007 : _bresultados generales |
||
| 264 | 1 |
_aSanto Domingo, República Dominicana : _c©2007 |
|
| 300 |
_a404 páginas : _bilustraciones ; _c26 cm. |
||
| 336 |
_2rdacontent _atexto _btxt |
||
| 337 |
_2rdamedia _asin mediación _bn |
||
| 338 |
_2rdacarrier _avolumen _bnc |
||
| 505 | 2 | _aAntecedentes -- Objetivos -- Aspectos Metodológicos -- Conceptos y Definiciones -- Resultados Generales a Nivel Nacional -- Resultados Generales a Nivel de Macroregiones (Dominios de Estudio). | |
| 942 |
_2ddc _cBK _n0 |
||
| 999 |
_c18343 _d18343 |
||